Kompetence absolventů vysokých škol : konané u příležitosti ... ročníku největšího veletrhu pracovních příležitostí na vysokých školách v celé ČR s názvem Symbióza : sborník příspěvků z mezinárodní konference

Korporativní autor: Vysoká škola báňská - Technická univerzita Ostrava
Jazyk: Čeština
Vydáno: Ostrava : Vysoká škola báňská - Technická univerzita, [200-]-^^^^
Fyzický popis: ^^^sv. ; 22 cm
Odebírané ročníky: 2006-
Odebírané svazky: 5-
Noviny a časopisy
Uloženo v:
LEADER 01171nas a2200265 a 4500
001 000851669
003 CZ BrMZK
005 20070723075127.0
007 ta
008 070522c200u9999xr uu p 1 a0cze d
020 |a 978-80-248-1377-6  |q (2006) 
040 |a BOA001  |b cze 
245 0 0 |a Kompetence absolventů vysokých škol :  |b konané u příležitosti ... ročníku největšího veletrhu pracovních příležitostí na vysokých školách v celé ČR s názvem Symbióza : sborník příspěvků z mezinárodní konference 
246 3 3 |a Sborník příspěvků z mezinárodní konference Kompetence absolventů vysokých škol 
260 |a Ostrava :  |b Vysoká škola báňská - Technická univerzita,  |c [200-]-^^^^ 
300 |a ^^^sv. ;  |c 22 cm 
310 |a Periodicita není známa 
500 |a Jednotlivé svazky mají vlastní ISBN 
541 |c pv-r 
710 2 |a Vysoká škola báňská - Technická univerzita Ostrava  |7 kn20010709483 
910 |a BOA001  |b 2-1184.243  |r 2006-  |s 5- 
952 |a e-xr-mo 
990 |a SE 
991 |b 20070522 
996 6 |b 2610309962  |c 2-1184.243  |d 2006  |v 2006  |y 2006  |l MZK  |r Sklad / do 1 hodiny  |n 5  |p p.v.  |w 000851669  |u 000010  |a 1  |e BOA001  |j MZK50  |s P